000 00362 a2200157 4500
001 177205
020 _a
040 _cMagnum
100 _a-
240 1 0 _aLei de diretrizes e bases da educacao nacional
_lpor
245 1 0 _aLei de diretrizes e bases da educacao nacional
362 0 _a1899
440 1 _aSaraiva
697 _aMAGNITO: ENSINO
942 _cBK
999 _c177205
_d177205